000 00588nac a22001931u 4500
010 _a 84013438
020 _a0835909506 (pbk.) :
082 0 0 _a692.1
_bPUT
090 _c9544
_d9544
100 _aPutnam, Robert E.
245 1 0 _aConstruction blueprint reading /
_cRobert Putnam.
260 _aReston, Va. :
_bReston Pub. Co.,1985
_cc1985.
300 _a442 p. :
_bill. ;
_c28 cm.
500 _aIncludes index.
511 _acatalogued by: wessam
650 0 _aBuilding
_xDetails
_xDrawings.
650 0 _aBlueprints.
942 _cBB
_k692.1PUT
999 _c9544
_d9544